[Event "WC-2015-Q-00013"]
[Site "LSS email"]
[Date "2012.09.11"]
[Round "?"]
[White "Canizares Cuadra, Pedro"]
[Black "Contreras Poblete, Juan Antonio"]
[Result "1/2-1/2"]
[WhiteElo "2235"]
[BlackElo "2254"]
[PlyCount "94"]
[EventDate "2012.09.17"]
[EventType "tourn (corr)"]
[EventRounds "10"]
[EventCountry "GER"]
[SourceTitle "Telechess CBM 167"]
[Source "ChessBase"]
[SourceDate "2015.07.13"]
[SourceVersion "1"]
[SourceVersionDate "2015.07.13"]
[SourceQuality "1"]

1. e4 e5 2. Nf3 Qe7 3. Bc4 Nf6 4. Nc3 c6 5. 0-0 d6 6. d4 g6 7. dxe5 dxe5 8. Ng5 Be6 9. Nxe6 fxe6 10. a3 Bg7 11. Qd3 0-0 12. Be3 Nbd7 13. Ba2 Rfe8 14. Rad1 b6 15. Rd2 Nf8 16. Qc4 Rac8 17. h3 Red8 18. Rxd8 Qxd8 19. a4 Qc7 20. Rd1 h5 21. Qb4 Kh7 22. a5 c5 23. Qc4 Rd8 24. Rxd8 Qxd8 25. Qa6 Qb8 26. axb6 axb6 27. Bg5 Kg8 28. Qd3 Kf7 29. Nb5 Ke7 30. f3 N8h7 31. Be3 Nf8 32. Kh2 N6d7 33. h4 Kf7 34. g3 Bf6 35. Qd2 Qd8 36. Bb3 Nb8 37. Qxd8 Bxd8 38. Ba4 Be7 39. Na3 Kg7 40. Nc4 Nfd7 41. Kg2 Bd8 42. Bd2 Be7 43. Bc3 Bf6 44. Bb5 Kf8 45. b4 Kf7 46. bxc5 bxc5 47. g4 hxg4 1/2-1/2

[Event "ST-2012-0-00097"]
[Site "LSS email"]
[Date "2012.06.18"]
[Round "?"]
[White "Pilarska, Lucyna"]
[Black "Contreras Poblete, Juan Antonio"]
[Result "0-1"]
[WhiteElo "1955"]
[BlackElo "2257"]
[PlyCount "52"]
[EventDate "2012.03.15"]
[EventType "tourn (corr)"]
[EventRounds "6"]
[EventCountry "GER"]
[SourceTitle "Telechess CBM 167"]
[Source "ChessBase"]
[SourceDate "2015.07.13"]
[SourceVersion "1"]
[SourceVersionDate "2015.07.13"]
[SourceQuality "1"]

1. d4 d5 2. c4 c6 3. Nf3 Nf6 4. Nc3 e6 5. Bg5 h6 6. Bh4 dxc4 7. e4 g5 8. Bg3 b5 9. Be2 Bb7 10. 0-0 Nbd7 11. Ne5 Bg7 12. Nxd7 Nxd7 13. Bd6 Bf8 14. Bxf8 Kxf8 15. e5 Qb6 16. f4 Rd8 17. Bh5 Rh7 18. a4 c5 19. a5 Qc6 20. Bf3 Qa6 21. Be4 Bxe4 22. Nxe4 Qc6 23. Qe1 Qd5 24. Rd1 cxd4 25. fxg5 d3 26. g6 Rg7 0-1

[Event "ST-2012-0-00097"]
[Site "LSS email"]
[Date "2012.05.12"]
[Round "?"]
[White "Contreras Poblete, Juan Antonio"]
[Black "Sidenko, Anatoly Viktorovich"]
[Result "1-0"]
[WhiteElo "2257"]
[BlackElo "2291"]
[PlyCount "139"]
[EventDate "2012.03.15"]
[EventType "tourn (corr)"]
[EventRounds "6"]
[EventCountry "GER"]
[SourceTitle "Telechess CBM 167"]
[Source "ChessBase"]
[SourceDate "2015.07.13"]
[SourceVersion "1"]
[SourceVersionDate "2015.07.13"]
[SourceQuality "1"]

1. d4 f5 2. Bf4 Nf6 3. Nf3 e6 4. e3 d5 5. c4 c6 6. Nc3 Be7 7. Bd3 0-0 8. Qc2 Nbd7 9. cxd5 Nxd5 10. Nxd5 cxd5 11. 0-0 Nf6 12. Bc7 Qe8 13. Rfc1 Ne4 14. Qb3 Rf6 15. Bb5 Qf8 16. Ne5 f4 17. exf4 Rxf4 18. Nd7 Bxd7 19. Bxd7 Rf6 20. f3 Nd6 21. Re1 Qf7 22. Qe3 Nc4 23. Qxe6 Bb4 24. Qxf7+ Rxf7 25. Be6 Bxe1 26. Rxe1 Re8 27. Bxf7+ Kxf7 28. Rxe8 Kxe8 29. b3 Ne3 30. Be5 g6 31. Kf2 Nc2 32. Ke2 Nb4 33. a4 Ke7 34. Bf4 Nc2 35. Be3 Na1 36. b4 Nc2 37. b5 a6 38. bxa6 bxa6 39. Kd2 Na3 40. Bg5+ Ke6 41. Kc3 a5 42. Bc1 Nc4 43. g4 Nb6 44. Kb3 Nc4 45. h3 Kf6 46. h4 Nb6 47. Bd2 Nc4 48. Bxa5 Nxa5+ 49. Kb4 Nc4 50. a5 Ke6 51. a6 Kd6 52. a7 Nb6 53. Kb5 Kc7 54. f4 Kb7 55. Kc5 Kxa7 56. f5 gxf5 57. gxf5 Kb7 58. Kd6 h5 59. f6 Kc8 60. f7 Nd7 61. Ke7 Kc7 62. f8Q Nxf8 63. Kxf8 Kd8 64. Kg7 Ke7 65. Kg6 Ke6 66. Kxh5 Kf5 67. Kh6 Kf6 68. h5 Kf7 69. Kg5 Kg7 70. Kf5 1-0

[Event "WC-2011-F-00003"]
[Site "LSS email"]
[Date "2011.11.23"]
[Round "?"]
[White "Contreras Poblete, Juan Antonio"]
[Black "Borisovs, Leonids"]
[Result "1-0"]
[WhiteElo "2265"]
[BlackElo "2138"]
[PlyCount "65"]
[EventDate "2011.12.01"]
[EventType "tourn (corr)"]
[EventRounds "14"]
[EventCountry "GER"]
[SourceTitle "Telechess CBM 163"]
[Source "ChessBase"]
[SourceDate "2014.11.11"]
[SourceVersion "2"]
[SourceVersionDate "2014.11.11"]
[SourceQuality "1"]

1. d4 d5 2. Nf3 Nf6 3. Bf4 c5 4. e3 Nc6 5. Nbd2 Qb6 6. dxc5 Qxb2 7. Rb1 Qa3 8. Bb5 Qxc5 9. c4 a6 10. Bxc6+ bxc6 11. 0-0 Bf5 12. Rb7 dxc4 13. e4 Bc8 14. Rb1 c3 15. Qc2 Nd7 16. Be3 Qd6 17. Nc4 Qc7 18. Bd4 Rb8 19. Bxc3 Rb5 20. Rbc1 e6 21. Rfd1 Be7 22. Bxg7 Rg8 23. Bb2 c5 24. Qd3 f6 25. e5 f5 26. Nd6+ Bxd6 27. exd6 Qb7 28. Re1 Nb6 29. Be5 Qd5 30. Qe3 Nc4 31. Qh6 Nxe5 32. Rxe5 Qxd6 33. a4 1-0

[Event "WC-2011-F-00003"]
[Site "LSS email"]
[Date "2011.11.23"]
[Round "?"]
[White "Contreras Poblete, Juan Antonio"]
[Black "Roberts, Anthony"]
[Result "1-0"]
[WhiteElo "2265"]
[BlackElo "2163"]
[PlyCount "41"]
[EventDate "2011.12.01"]
[EventType "tourn (corr)"]
[EventRounds "14"]
[EventCountry "GER"]
[SourceTitle "Telechess CBM 163"]
[Source "ChessBase"]
[SourceDate "2014.11.11"]
[SourceVersion "2"]
[SourceVersionDate "2014.11.11"]
[SourceQuality "1"]

1. d4 d5 2. Nf3 Nf6 3. Bf4 c5 4. e3 Nc6 5. Nbd2 e6 6. c3 Bd6 7. Bg3 0-0 8. Bd3 Qe7 9. Ne5 Nd7 10. Nxd7 Bxd7 11. Bxd6 Qxd6 12. dxc5 Qxc5 13. Bxh7+ Kxh7 14. Qh5+ Kg8 15. Ne4 Qc4 16. Ng5 Rfd8 17. Qxf7+ Kh8 18. Qh5+ Kg8 19. Rd1 Re8 20. Qf7+ Kh8 21. h4 1-0

[Event "WC-2011-F-00003"]
[Site "LSS email"]
[Date "2011.11.23"]
[Round "?"]
[White "Degterev, Pavel"]
[Black "Contreras Poblete, Juan Antonio"]
[Result "1/2-1/2"]
[WhiteElo "2200"]
[BlackElo "2265"]
[PlyCount "116"]
[EventDate "2011.12.01"]
[EventType "tourn (corr)"]
[EventRounds "14"]
[EventCountry "GER"]
[SourceTitle "Telechess CBM 163"]
[Source "ChessBase"]
[SourceDate "2014.11.11"]
[SourceVersion "2"]
[SourceVersionDate "2014.11.11"]
[SourceQuality "1"]

1. b4 e5 2. Bb2 Bxb4 3. Bxe5 Nf6 4. c4 Nc6 5. Bb2 d5 6. cxd5 Qxd5 7. a3 Ba5 8. Nc3 Qf5 9. Nf3 0-0 10. e3 Ne5 11. Nxe5 Qxe5 12. Be2 Qg5 13. 0-0 Rd8 14. Bf3 h5 15. Qa4 Bd7 16. h4 Qf5 17. Qd1 Be6 18. d4 Bxc3 19. Bxc3 Bd5 20. Bxd5 Nxd5 21. Bd2 c6 22. Re1 Re8 23. Qb1 Qd7 24. e4 Nb6 25. Qd3 Rad8 26. Be3 Qg4 27. Bg5 Rd7 28. Rac1 f6 29. f3 Qg3 30. Be3 Qxh4 31. Bf2 Qg5 32. Qb3+ Kh8 33. a4 Nc8 34. Rc5 Qg6 35. g3 Nd6 36. Kg2 Qf7 37. Qxf7 Nxf7 38. Rxh5+ Kg8 39. g4 Nd8 40. Kg3 a6 41. Re2 Re6 42. Rd2 Red6 43. Be3 Ne6 44. d5 cxd5 45. Rhxd5 Rxd5 46. exd5 Nc7 47. d6 Ne8 48. Bc5 g6 49. Kf4 Kf7 50. g5 Ng7 51. Ke4 Ke6 52. gxf6 Ne8 53. Kf4 Kxf6 54. a5 g5+ 55. Kg4 Kg6 56. Ba3 Nf6+ 57. Kg3 g4 58. Re2 gxf3 1/2-1/2

[Event "WC-2011-F-00003"]
[Site "LSS email"]
[Date "2011.11.23"]
[Round "?"]
[White "Miettinen, Kristo S"]
[Black "Contreras Poblete, Juan Antonio"]
[Result "0-1"]
[WhiteElo "2226"]
[BlackElo "2265"]
[PlyCount "24"]
[EventDate "2011.12.01"]
[EventType "tourn (corr)"]
[EventRounds "14"]
[EventCountry "GER"]
[SourceTitle "Corr 2015"]
[Source "ChessBase"]
[SourceDate "2015.07.17"]
[SourceVersion "1"]
[SourceVersionDate "2015.07.17"]
[SourceQuality "1"]

1. e4 c5 2. Nf3 d6 3. d4 cxd4 4. Nxd4 Nf6 5. Nc3 a6 6. Bc4 e6 7. 0-0 b5 8. Bb3 Be7 9. Qf3 Qc7 10. Re1 0-0 11. Qg3 Nh5 12. a3 Nxg3 0-1

[Event "WC-2011-F-00003"]
[Site "LSS email"]
[Date "2011.11.23"]
[Round "?"]
[White "Wosch, Arkadiusz Janusz"]
[Black "Contreras Poblete, Juan Antonio"]
[Result "1-0"]
[WhiteElo "2184"]
[BlackElo "2265"]
[PlyCount "87"]
[EventDate "2011.12.01"]
[EventType "tourn (corr)"]
[EventRounds "14"]
[EventCountry "GER"]
[SourceTitle "Telechess CBM 163"]
[Source "ChessBase"]
[SourceDate "2014.11.11"]
[SourceVersion "2"]
[SourceVersionDate "2014.11.11"]
[SourceQuality "1"]

1. e4 g6 2. d4 Bg7 3. Nc3 d6 4. Be3 Nf6 5. Qd2 c6 6. f3 b5 7. g4 h5 8. g5 Nfd7 9. f4 Nb6 10. Nf3 0-0 11. a3 a5 12. Nh4 e6 13. Be2 Ba6 14. f5 exf5 15. exf5 Re8 16. f6 Bf8 17. 0-0 b4 18. Nd1 Nd5 19. Nxg6 fxg6 20. c4 bxc3 21. Qc2 Ne7 22. f7+ Kg7 23. fxe8Q Qxe8 24. Nxc3 Nf5 25. Bf2 d5 26. Rae1 Qd8 27. Kh1 Qd7 28. Bd3 Bxd3 29. Qxd3 Bd6 30. Nd1 Bf4 31. Qf3 Qd6 32. Re8 Qd7 33. Rfe1 Bxg5 34. Bg3 Bf6 35. Ne3 Nxd4 36. Qf2 Ra7 37. Bh4 Qxe8 38. Nf5+ Nxf5 39. Bxf6+ Kxf6 40. Rxe8 Rb7 41. Rf8+ Kg7 42. Rxb8 Rxb8 43. Qa7+ Kf6 44. Qxb8 1-0

[Event "WC-2014-S-00004"]
[Site "LSS email"]
[Date "2011.07.16"]
[Round "?"]
[White "Contreras Poblete, Juan Antonio"]
[Black "De Oliveira, Marcio Barbosa"]
[Result "1/2-1/2"]
[WhiteElo "2304"]
[BlackElo "2252"]
[PlyCount "88"]
[EventDate "2011.07.22"]
[EventType "tourn (corr)"]
[EventRounds "6"]
[EventCountry "GER"]
[SourceTitle "Telechess CBM 163"]
[Source "ChessBase"]
[SourceDate "2014.11.11"]
[SourceVersion "2"]
[SourceVersionDate "2014.11.11"]
[SourceQuality "1"]

1. d4 Nf6 2. Nf3 g6 3. Bf4 Bg7 4. e3 0-0 5. Be2 d6 6. h3 c5 7. c3 b6 8. 0-0 Bb7 9. Nbd2 Nbd7 10. Bc4 Qc7 11. Qb3 e5 12. Bg3 Rad8 13. Rfd1 a6 14. dxe5 Nxe5 15. Nxe5 dxe5 16. a4 Rb8 17. Be2 Rfd8 18. Nc4 Bd5 19. Qc2 Re8 20. Bh4 Be4 21. Bd3 Bc6 22. Bxf6 Bxf6 23. Be4 Rbd8 24. Bxc6 Qxc6 25. e4 Kg7 26. Rxd8 Rxd8 27. b3 h6 28. Rb1 b5 29. Ne3 Rd7 30. axb5 axb5 31. Nd5 Ra7 32. Qe2 h5 33. Qd2 h4 34. Kh2 Bd8 35. c4 b4 36. Qb2 Bf6 37. Ra1 Ra6 38. Qc1 Bd8 39. Qb2 Bf6 40. Ra2 Qa8 41. Rxa6 Qxa6 42. Qc1 Bd8 43. Qe3 Qd6 44. Kh1 Bf6 1/2-1/2

[Event "WC-2014-S-00004"]
[Site "LSS email"]
[Date "2011.07.16"]
[Round "?"]
[White "Contreras Poblete, Juan Antonio"]
[Black "Fages, Jorge Juan"]
[Result "1-0"]
[WhiteElo "2304"]
[BlackElo "2195"]
[PlyCount "131"]
[EventDate "2011.07.22"]
[EventType "tourn (corr)"]
[EventRounds "6"]
[EventCountry "GER"]
[SourceTitle "Telechess CBM 163"]
[Source "ChessBase"]
[SourceDate "2014.11.11"]
[SourceVersion "2"]
[SourceVersionDate "2014.11.11"]
[SourceQuality "1"]

1. d4 Nf6 2. Nf3 d5 3. Bf4 e6 4. e3 c5 5. c3 Nc6 6. Nbd2 Bd6 7. Bg3 0-0 8. Bd3 Qe7 9. Ne5 Nd7 10. Nxd7 Bxd7 11. Bxd6 Qxd6 12. 0-0 e5 13. dxc5 Qxc5 14. Nb3 Qb6 15. Be4 dxe4 16. Qxd7 Rfd8 17. Qg4 a5 18. Qxe4 a4 19. Nc1 Rd7 20. b4 axb3 21. Nxb3 g6 22. Rfb1 Ra3 23. h3 Kg7 24. Rb2 Qa7 25. Qc2 Qa4 26. Rc1 Qc4 27. Nd2 Qe2 28. Nb1 Qxc2 29. Rcxc2 Ra4 30. Rd2 Rc7 31. Kh2 f5 32. Rd5 Kf6 33. Rdb5 Nd8 34. a3 Ra7 35. g4 Ra6 36. Kg2 h5 37. gxh5 gxh5 38. Kg3 Rg7+ 39. Kh2 Rc7 40. Kg2 Rh7 41. Rb6+ Rxb6 42. Rxb6+ Ne6 43. c4 e4 44. Nc3 h4 45. a4 Rg7+ 46. Kf1 Rd7 47. Nd5+ Ke5 48. Rb5 Kd6 49. Nf6 Rf7 50. Rxf5 Kc6 51. a5 Nc5 52. Ke2 Ne6 53. Kd2 Ng5 54. Rxg5 Rxf6 55. Ke2 Rf3 56. Re5 Rxh3 57. Rxe4 Rh1 58. f4 Rg1 59. f5 h3 60. Rh4 Ra1 61. Rxh3 Rxa5 62. e4 Ra2+ 63. Kf3 Rc2 64. Kf4 Rxc4 65. Rd3 Rc2 66. f6 1-0

[Event "WC-2014-S-00004"]
[Site "LSS email"]
[Date "2011.07.16"]
[Round "?"]
[White "Llorente Alvarez, Jose Luis"]
[Black "Contreras Poblete, Juan Antonio"]
[Result "0-1"]
[WhiteElo "2097"]
[BlackElo "2304"]
[PlyCount "96"]
[EventDate "2011.07.22"]
[EventType "tourn (corr)"]
[EventRounds "6"]
[EventCountry "GER"]
[SourceTitle "Telechess CBM 163"]
[Source "ChessBase"]
[SourceDate "2014.11.11"]
[SourceVersion "2"]
[SourceVersionDate "2014.11.11"]
[SourceQuality "1"]

1. e4 e5 2. Nf3 Qe7 3. Nc3 c6 4. d4 d6 5. a4 Nf6 6. Be2 Qc7 7. 0-0 Be7 8. Re1 0-0 9. h3 h6 10. Be3 Na6 11. Bc4 Nb4 12. Qd2 Bd7 13. a5 Rad8 14. dxe5 dxe5 15. Qe2 c5 16. a6 bxa6 17. Bxa6 Nc6 18. Nd5 Nxd5 19. exd5 Nb4 20. Bd2 Bd6 21. Bxb4 cxb4 22. Qc4 Qb8 23. Qb3 Rfe8 24. Nd2 Bc5 25. Qc4 Bb6 26. Re2 f5 27. Qb3 e4 28. Nc4 Kh8 29. Nxb6 Qxb6 30. Qe3 Qf6 31. Qb3 f4 32. Ree1 Qg5 33. Bf1 e3 34. fxe3 fxe3 35. Kh1 Bf5 36. Qxb4 Be4 37. d6 Qg3 38. Re2 Rxd6 39. Kg1 Rg6 40. Qc5 Bc6 41. Ra6 Qf3 42. b4 Rf8 43. Ra1 Rg3 44. Rae1 Qf6 45. c4 Be4 46. Ra2 Qf4 47. Qd4 Rf5 48. Rae2 Rfg5 0-1

[Event "LSS WC-2010-F-00001"]
[Site "LSS email"]
[Date "2010.11.17"]
[Round "?"]
[White "Contreras Poblete, Juan Antonio"]
[Black "Evans, Gordon R"]
[Result "1/2-1/2"]
[WhiteElo "2304"]
[BlackElo "2236"]
[PlyCount "59"]
[EventDate "2010.11.23"]
[EventType "tourn (corr)"]
[EventRounds "14"]
[EventCountry "GER"]
[SourceTitle "Telechess CBM 165"]
[Source "ChessBase"]
[SourceDate "2015.03.11"]
[SourceVersion "1"]
[SourceVersionDate "2015.03.11"]
[SourceQuality "1"]

1. d4 d5 2. c4 c6 3. Nf3 Nf6 4. Nc3 e6 5. Bg5 h6 6. Bh4 dxc4 7. e4 g5 8. Bg3 b5 9. Be2 Bb7 10. 0-0 Nbd7 11. Ne5 Bg7 12. Nxd7 Nxd7 13. Bd6 a6 14. a4 b4 15. Bxb4 Qb6 16. Ba3 Qxd4 17. Qc2 c5 18. Rad1 Qe5 19. Bxc4 Qc7 20. Bb5 axb5 21. Nxb5 Qc6 22. Rd6 Qxe4 23. Rxe6+ Qxe6 24. Nc7+ Kd8 25. Nxe6+ fxe6 26. Bxc5 Nxc5 27. Qxc5 Bd5 28. b4 Kd7 29. Rd1 Rac8 30. Rxd5+ 1/2-1/2

[Event "LSS WC-2010-F-00001"]
[Site "LSS email"]
[Date "2010.11.17"]
[Round "?"]
[White "Contreras Poblete, Juan Antonio"]
[Black "Tasic, Vladimir"]
[Result "1/2-1/2"]
[WhiteElo "2304"]
[BlackElo "2574"]
[PlyCount "61"]
[EventDate "2010.11.23"]
[EventType "tourn (corr)"]
[EventRounds "14"]
[EventCountry "GER"]
[SourceTitle "Telechess CBM 165"]
[Source "ChessBase"]
[SourceDate "2015.03.11"]
[SourceVersion "1"]
[SourceVersionDate "2015.03.11"]
[SourceQuality "1"]

1. d4 Nf6 2. Nf3 g6 3. c4 Bg7 4. Nc3 0-0 5. e4 d6 6. Be2 e5 7. Be3 Ng4 8. Bg5 f6 9. Bh4 Nc6 10. d5 Ne7 11. Nd2 Nh6 12. f3 c5 13. Rb1 a5 14. a3 g5 15. Bf2 Ng6 16. g3 f5 17. b4 axb4 18. axb4 b6 19. 0-0 f4 20. g4 Nf7 21. Na4 Ra6 22. Nxb6 Rxb6 23. bxc5 Rxb1 24. Qxb1 h5 25. gxh5 Nh4 26. Kh1 Bh3 27. Rg1 dxc5 28. Bf1 Bxf1 29. Qxf1 Qe7 30. Bxh4 gxh4 31. Qg2 1/2-1/2

[Event "LSS WC-2010-F-00001"]
[Site "LSS email"]
[Date "2010.11.17"]
[Round "?"]
[White "Haug, Ulrich"]
[Black "Contreras Poblete, Juan Antonio"]
[Result "1/2-1/2"]
[WhiteElo "2414"]
[BlackElo "2304"]
[PlyCount "78"]
[EventDate "2010.11.23"]
[EventType "tourn (corr)"]
[EventRounds "14"]
[EventCountry "GER"]
[SourceTitle "Telechess CBM 165"]
[Source "ChessBase"]
[SourceDate "2015.03.11"]
[SourceVersion "1"]
[SourceVersionDate "2015.03.11"]
[SourceQuality "1"]

1. e4 e5 2. Nf3 Qe7 3. Bc4 d6 4. Nc3 c6 5. d4 Nf6 6. Be3 h6 7. 0-0 Qc7 8. h3 Be7 9. a4 0-0 10. dxe5 dxe5 11. Nh4 Bb4 12. Qf3 Bxc3 13. bxc3 Be6 14. Bxe6 fxe6 15. Qg3 Nxe4 16. Qg4 Nf6 17. Qxe6+ Qf7 18. Qxe5 Nbd7 19. Qc7 Nb6 20. Bxb6 axb6 21. Qxb6 Nd5 22. Qb3 Rae8 23. Nf3 Kh7 24. Rfe1 Qg6 25. Rxe8 Rxe8 26. Qxb7 Nf4 27. Nh4 Qf6 28. Qd7 Rf8 29. Nf3 Qxc3 30. Rb1 Nxg2 31. Rb3 Qxc2 32. Rb7 Qg6 33. Ne5 Qg5 34. Qe7 Qxe7 35. Rxe7 Nf4 36. Rf7 Nxh3+ 37. Kh2 Re8 38. Nxc6 Ng5 39. Rf4 Ra8 1/2-1/2

[Event "LSS WC-2010-F-00001"]
[Site "LSS email"]
[Date "2010.11.17"]
[Round "?"]
[White "Meszaros, Attila Sr"]
[Black "Contreras Poblete, Juan Antonio"]
[Result "1-0"]
[WhiteElo "2501"]
[BlackElo "2304"]
[PlyCount "85"]
[EventDate "2010.11.23"]
[EventType "tourn (corr)"]
[EventRounds "14"]
[EventCountry "GER"]
[SourceTitle "Telechess CBM 165"]
[Source "ChessBase"]
[SourceDate "2015.03.11"]
[SourceVersion "1"]
[SourceVersionDate "2015.03.11"]
[SourceQuality "1"]

1. d4 Nf6 2. c4 e6 3. Nf3 d5 4. Nc3 c6 5. e3 Nbd7 6. Bd3 dxc4 7. Bxc4 b5 8. Bd3 a6 9. e4 c5 10. d5 c4 11. Bc2 Qc7 12. dxe6 fxe6 13. 0-0 Bb7 14. Ne2 e5 15. Ng3 g6 16. h3 Nc5 17. b3 c3 18. b4 Ne6 19. Bb3 Rd8 20. Qe2 Nd4 21. Nxd4 exd4 22. Rd1 Bxb4 23. e5 Ng8 24. Nh5 Qe7 25. Nf4 Qc5 26. a3 Ba5 27. Ne6 Qc6 28. Qg4 c2 29. Rd3 Rd7 30. Bf4 Bb6 31. Rc1 Qe4 32. Qg3 h5 33. Bxc2 h4 34. Qh2 Qf5 35. Nxd4 Bxd4 36. Rxd4 Qe6 37. Rxd7 Kxd7 38. Bg5 Ne7 39. Bxe7 Kxe7 40. Qf4 Bd5 41. Bd1 Qb6 42. Bg4 Rf8 43. Qd2 1-0

[Event "LSS WC-2011-T-00001"]
[Site "LSS email"]
[Date "2010.06.10"]
[Round "?"]
[White "Contreras Poblete, Juan Antonio"]
[Black "Mueller, Achim"]
[Result "0-1"]
[WhiteElo "2315"]
[BlackElo "2213"]
[PlyCount "102"]
[EventDate "2010.06.15"]
[EventType "tourn (corr)"]
[EventRounds "10"]
[EventCountry "GER"]
[SourceTitle "Telechess CBM 153"]
[Source "ChessBase"]
[SourceDate "2013.03.14"]
[SourceVersion "1"]
[SourceVersionDate "2013.03.14"]
[SourceQuality "1"]

1. d4 Nf6 2. c4 e6 3. Nf3 Bb4+ 4. Nc3 b6 5. Bg5 h6 6. Bh4 g5 7. Bg3 Ne4 8. Qc2 Bb7 9. e3 d6 10. Bd3 Bxc3+ 11. bxc3 f5 12. d5 Na6 13. Nd4 Nac5 14. dxe6 Nxd3+ 15. Qxd3 0-0 16. f3 Nc5 17. Qe2 Qf6 18. h4 g4 19. 0-0-0 gxf3 20. gxf3 Nxe6 21. Rhg1 Kh8 22. Qd3 Rf7 23. Kb2 Nc5 24. Qe2 Rg7 25. Bh2 Rxg1 26. Rxg1 Rg8 27. Rxg8+ Kxg8 28. Bf4 Kh7 29. Bg3 Qf7 30. Ka1 Bc8 31. Qf2 Qxc4 32. Qc2 a5 33. Be1 Nd3 34. Bg3 a4 35. a3 Kg6 36. Qd2 Bd7 37. Qc2 Ne5 38. e4 fxe4 39. Qxe4+ Kf6 40. Qe3 Qf1+ 41. Be1 Kf7 42. Qf2 Qxf2 43. Bxf2 c5 44. Nc2 Nxf3 45. Bg3 Ke6 46. Kb2 b5 47. Ne3 Ne5 48. Ka2 Bc6 49. Kb1 Be4+ 50. Ka2 h5 51. Bf2 d5 0-1

[Event "LSS ST-2010-0-00073"]
[Site "LSS email"]
[Date "2010.05.30"]
[Round "?"]
[White "Contreras Poblete, Juan Antonio"]
[Black "Felicio, Clairton"]
[Result "1/2-1/2"]
[WhiteElo "2290"]
[BlackElo "2288"]
[PlyCount "60"]
[EventDate "2010.02.12"]
[EventType "tourn (corr)"]
[EventRounds "6"]
[EventCountry "GER"]
[SourceTitle "Telechess CBM 145"]
[Source "Chessbase"]
[SourceDate "2011.11.11"]
[SourceVersion "1"]
[SourceVersionDate "2011.11.11"]
[SourceQuality "1"]

1. d4 Nf6 2. c4 e6 3. Nf3 c5 4. d5 b5 5. Bg5 b4 6. e4 d6 7. Bd3 Be7 8. Be3 Ng4 9. Bc1 Nd7 10. a3 a5 11. 0-0 0-0 12. dxe6 fxe6 13. Be2 Ba6 14. Nbd2 Bb7 15. Ne1 Ngf6 16. Nd3 Ne5 17. Nxe5 dxe5 18. Qc2 Bc6 19. Qd3 Qxd3 20. Bxd3 Rfd8 21. Bb1 a4 22. Re1 Bd6 23. Nf3 Rd7 24. h3 h6 25. Bd2 g5 26. Bc2 b3 27. Bb1 g4 28. hxg4 Nxg4 29. Bd3 Bc7 30. Bf1 Rad8 1/2-1/2

[Event "CP-2007-S-00003"]
[Site "LSS email"]
[Date "2010.04.06"]
[Round "?"]
[White "Contreras Poblete, Juan Antonio"]
[Black "Hnatovsky, Nicholas"]
[Result "1/2-1/2"]
[WhiteElo "2263"]
[BlackElo "2274"]
[PlyCount "87"]
[EventDate "2010.04.09"]
[EventType "tourn (corr)"]
[EventRounds "6"]
[EventCountry "GER"]
[SourceTitle "Telechess CBM 147"]
[Source "ChessBase"]
[SourceDate "2012.03.16"]
[SourceVersion "1"]
[SourceVersionDate "2012.03.16"]
[SourceQuality "1"]

1. d4 Nf6 2. c4 e6 3. Nf3 d5 4. Nc3 Be7 5. Bg5 h6 6. Bh4 0-0 7. e3 Ne4 8. Bxe7 Qxe7 9. Rc1 c6 10. Bd3 Nxc3 11. Rxc3 dxc4 12. Bxc4 Nd7 13. 0-0 b6 14. Bd3 c5 15. Be4 Rb8 16. Qa4 Bb7 17. Bxb7 Rxb7 18. Qc2 a5 19. a3 Re8 20. Rd1 Rbb8 21. h3 e5 22. Nxe5 Nxe5 23. dxe5 Qxe5 24. Rcd3 Qe4 25. Qd2 Re6 26. f3 Qe5 27. e4 Rg6 28. Rd6 Qxd6 29. Qxd6 Rxd6 30. Rxd6 Kf8 31. Rc6 Ke8 32. Rc7 Rd8 33. Rb7 Rd1+ 34. Kh2 Rd6 35. Kg3 a4 36. Kf4 Rd2 37. Rxb6 Rxg2 38. Ke5 g5 39. f4 gxf4 40. Kxf4 Kd7 41. h4 h5 42. Ke5 Rd2 43. Rf6 Rxb2 44. Rxf7+ 1/2-1/2

[Event "CP-2007-S-00003"]
[Site "LSS email"]
[Date "2010.04.06"]
[Round "?"]
[White "Rook, Detlef"]
[Black "Contreras Poblete, Juan Antonio"]
[Result "1/2-1/2"]
[WhiteElo "2226"]
[BlackElo "2361"]
[PlyCount "52"]
[EventDate "2010.04.09"]
[EventType "tourn (corr)"]
[EventRounds "6"]
[EventCountry "GER"]
[SourceTitle "Telechess CBM 141"]
[Source "ChessBase"]
[SourceDate "2011.03.17"]
[SourceVersion "1"]
[SourceVersionDate "2011.03.17"]
[SourceQuality "1"]

1. d4 d5 2. Nf3 Nf6 3. e3 e6 4. Bd3 c5 5. b3 Nc6 6. Bb2 Bd6 7. 0-0 0-0 8. dxc5 Bxc5 9. Nbd2 Qe7 10. c4 Ba3 11. Qc1 Bxb2 12. Qxb2 e5 13. cxd5 Nxd5 14. Rac1 Rd8 15. Qb1 g6 16. Rfd1 Bg4 17. h3 Bxf3 18. Nxf3 Nf6 19. Ng5 Kg7 20. Ne4 Nxe4 21. Bxe4 Rxd1+ 22. Rxd1 Rd8 23. Bxc6 bxc6 24. Rxd8 Qxd8 25. Qc2 Qa5 26. Kh2 h6 1/2-1/2

[Event "CP-2007-S-00003"]
[Site "LSS email"]
[Date "2010.04.06"]
[Round "?"]
[White "Wallach, Naor"]
[Black "Contreras Poblete, Juan Antonio"]
[Result "1/2-1/2"]
[WhiteElo "2223"]
[BlackElo "2263"]
[PlyCount "84"]
[EventDate "2010.04.09"]
[EventType "tourn (corr)"]
[EventRounds "6"]
[EventCountry "GER"]
[SourceTitle "Telechess CBM 147"]
[Source "ChessBase"]
[SourceDate "2012.03.16"]
[SourceVersion "1"]
[SourceVersionDate "2012.03.16"]
[SourceQuality "1"]

1. d4 d5 2. c4 c6 3. Nc3 Nf6 4. e3 e6 5. b3 Nbd7 6. Bb2 Bd6 7. Nf3 0-0 8. Bd3 Re8 9. 0-0 e5 10. dxe5 Nxe5 11. cxd5 Nxf3+ 12. gxf3 Nxd5 13. f4 Bxf4 14. exf4 Nxf4 15. Be4 Qg5+ 16. Kh1 Bg4 17. Qc2 f5 18. f3 Bh5 19. Rg1 Qh6 20. Rg3 fxe4 21. Nxe4 Bg6 22. Qc4+ Nd5 23. Ng5 Re7 24. Rag1 Rf8 25. Bc1 Bh5 26. Qd3 Rfe8 27. Nf7 Qf6 28. Nh6+ Kh8 29. Bg5 Qg6 30. Qxg6 Bxg6 31. Bxe7 Rxe7 32. Ng4 Bf5 33. h4 h6 34. Rc1 h5 35. Nh2 Nf4 36. Rg5 g6 37. Nf1 Bd3 38. Ra5 Be2 39. Nh2 Ba6 40. Ra4 Ne2 41. Rc2 Ng3+ 42. Kg2 Nf5 1/2-1/2